000 00406nam a2200169Ia 4500
005 20240719060318.0
008 240331s9999 xx 000 0 und d
020 _a0300036388
082 _a230
_bPEL
100 _aPelikan, J
245 4 _aThe vindication of tradition
260 _aLondon
_bYale University Press
_c1984
300 _ax, 93 p .,
650 _aPhilosophy
650 _aReligion
942 _cL
999 _c831
_d831